| 000 | 00430nam a2200145Ia 4500 | ||
|---|---|---|---|
| 008 | 191111s9999 xx 000 0 und d | ||
| 020 | _a9781975121389 | ||
| 100 | _aHinkle, Janice L. | ||
| 245 |
_cJanice L. Hinkle.-- _aBrunner & Suddarth's textbook of medical-surgical nursing / |
||
| 250 | _a14th ed | ||
| 260 |
_aUSA : _bWolters Kluwer _c2018 |
||
| 300 | _alxiv, 1221 pages. | ||
| 650 | _aNursing | ||
| 650 | _aSurgical nursing | ||
| 999 |
_c362659 _d362659 |
||